Joueurs français nommés au Ballon d'Or depuis 2000 - Statistiques

Statistiques générales
  • Ce quiz a été pris 837 fois
    303 depuis la dernière actualisation
  • Le résultat moyen est 71 sur 75
Statistiques - réponses
ANNÉE POSTE CLUB(S) CLASSEMENT JOUEUR % Correct
2000 ATT Arsenal 4eme Thierry Henry
100%
2001 ATT Arsenal 9eme Thierry Henry
100%
2002 ATT Arsenal 6eme Thierry Henry
100%
2003 ATT Arsenal 2eme Thierry Henry
100%
2004 ATT Arsenal 4eme Thierry Henry
100%
2005 ATT Arsenal 4eme Thierry Henry
100%
2006 ATT Arsenal 3eme Thierry Henry
100%
2007 ATT FC Barcelone 19eme Thierry Henry
100%
2009 ATT FC Barcelone 15eme Thierry Henry
100%
2000 MIL Juventus 2eme Zinédine Zidane
100%
2001 MIL Juventus / Real Madrid 9eme Zinédine Zidane
100%
2002 MIL Real Madrid 4eme Zinédine Zidane
100%
2003 MIL Real Madrid 5eme Zinédine Zidane
100%
2004 MIL Real Madrid 23eme Zinédine Zidane
100%
2005 MIL Real Madrid 18eme Zinédine Zidane
100%
2006 MIL Real Madrid 5eme Zinédine Zidane
100%
2016 ATT Atlético Madrid 3eme Antoine Griezmann
99%
2017 ATT Atlético Madrid 18eme Antoine Griezmann
99%
2018 ATT Atlético Madrid 3eme Antoine Griezmann
99%
2019 ATT Atlético Madrid / FC Barcelone 18eme Antoine Griezmann
99%
2023 ATT Atlético Madrid 21eme Antoine Griezmann
99%
2017 ATT AS Monaco / PSG 7eme Kylian Mbappé
99%
2018 ATT PSG 4eme Kylian Mbappé
99%
2019 ATT PSG 6eme Kylian Mbappé
99%
2021 ATT PSG 9eme Kylian Mbappé
99%
2022 ATT PSG 6eme Kylian Mbappé
99%
2023 ATT PSG 3eme Kylian Mbappé
99%
2024 ATT PSG / Real Madrid 6eme Kylian Mbappé
99%
2025 ATT Real Madrid 7eme Kylian Mbappé
99%
2016 G Tottenham 20eme Hugo Lloris
98%
2018 G Tottenham 29eme Hugo Lloris
98%
2019 G Tottenham 23eme Hugo Lloris
98%
2011 ATT Real Madrid 20eme Karim Benzema
98%
2012 ATT Real Madrid 22eme Karim Benzema
98%
2014 ATT Real Madrid 16eme Karim Benzema
98%
2015 ATT Real Madrid 20eme Karim Benzema
98%
2017 ATT Real Madrid 25eme Karim Benzema
98%
2018 ATT Real Madrid 17eme Karim Benzema
98%
2019 ATT Real Madrid 26eme Karim Benzema
98%
2021 ATT Real Madrid 4eme Karim Benzema
98%
2022 ATT Real Madrid 1er Karim Benzema
98%
2023 ATT Real Madrid / Al-Ittihad 16eme Karim Benzema
98%
2017 MIL Chelsea 8eme N'Golo Kanté
98%
2018 MIL Chelsea 11eme N'Golo Kanté
98%
2021 MIL Chelsea 5eme N'Golo Kanté
98%
2025 ATT PSG 1er Ousmane Dembélé
98%
2014 MIL Juventus 22eme Paul Pogba
98%
2015 MIL Juventus 15eme Paul Pogba
98%
2016 MIL Juventus / Manchester United 14eme Paul Pogba
98%
2018 MIL Manchester United 15eme Paul Pogba
98%
2025 ATT PSG 14eme Désiré Doué
97%
2022 G AC Milan 25eme Mike Maignan
97%
2018 DEF Real Madrid 7eme Raphaël Varane
97%
2006 ATT OM 13eme Franck Ribéry
96%
2007 ATT OM / Bayern Munich 17eme Franck Ribéry
96%
2008 ATT Bayern Munich 16eme Franck Ribéry
96%
2009 ATT Bayern Munich 28eme Franck Ribéry
96%
2013 ATT Bayern Munich 3eme Franck Ribéry
96%
2025 ATT Bayern Munich 30eme Michael Olise
95%
2023 ATT Eintracht Francfort / PSG 28eme Randal Kolo Muani
94%
2000 G AS Monaco / Manchester United 12eme Fabien Barthez
93%
2024 DEF Arsenal 24eme William Saliba
93%
2022 ATT RB Leipzig 25eme Christopher Nkunku
89%
2000 ATT AS Monaco / Juventus 22eme David Trezeguet
88%
2001 ATT Juventus 12eme David Trezeguet
88%
2016 MIL West Ham 17eme Dimitri Payet
88%
2001 DEF Bayern Munich 11eme Bixente Lizarazu
83%
2002 MIL Arsenal 15eme Patrick Vieira
82%
2006 MIL Juventus / Inter Milan 14eme Patrick Vieira
82%
2011 DEF FC Barcelone 18eme Eric Abidal
81%
2009 MIL Girondins de Bordeaux 20eme Yoann Gourcuff
80%
2000 DEF Chelsea 24eme Marcel Desailly
77%
2000 DEF Inter Milan 27eme Laurent Blanc
75%
2005 MIL Chelsea 13eme Claude Makélélé
72%
2004 MIL AS Monaco / FC Barcelone 24eme Ludovic Giuly
64%
Aucun quiz correspondant
Distribution des résultats
% des personnes avec chaque résultat
Percentile par nombre de réponses
Votre historique - résultats
Vous n’avez pas pris ce quiz depuis la dernière actualisation